| 000 | 00866nam a2200301 i 4500 | ||
|---|---|---|---|
| 001 | 34103 | ||
| 003 | BD-RjUL | ||
| 005 | 20211209052115.0 | ||
| 008 | 140514s1978 enk b 001 0 eng | ||
| 020 |
_a0416834809 : _a0416834906 |
||
| 035 | _a(BD-RjUL)34197 | ||
| 040 |
_aDLC _cDLC _dDLC _dBD-RjUL _beng |
||
| 041 | _aeng | ||
| 082 | 0 | 0 |
_a301 _bPHI 1978 |
| 245 | 0 | 4 |
_aThe Philosophy of society / _cedited by Rodger Beehler and Alan R. Drengson. |
| 260 |
_aLondon : _bMethuen, _c1978. |
||
| 300 |
_ax, 437 p. ; _c25 cm. |
||
| 504 | _aBibliography: p. [425]-430. | ||
| 504 | _aIncludes index. | ||
| 650 | 0 |
_aSociology. _9103673 |
|
| 650 | 0 |
_aSocial ethics. _95055 |
|
| 650 | 0 |
_aSocial change. _9103674 |
|
| 700 | 1 |
_aBeehler, Rodger, _d1938- _9103675 |
|
| 700 | 1 |
_aDrengson, Alan R. _9103676 |
|
| 942 |
_2ddc _cBK |
||
| 999 |
_c34103 _d34103 |
||